000 00824nam a22002057a 4500
008 081217t xxu||||| |||| 00| 0 eng d
010 _aENG-92233
020 _c35.00
_a8185141525
035 _aEN-75766
037 _bDBAD / PUB
040 _adpl
_bEnglish
082 _a181.42
245 _aTaraptamapaughasutra-krodarthavada of Ramabhadra Diksita
_cedited by N.Sowrirajan
260 _bThe Adyar Library and Research Centre
_c2007
_aChennai
300 _a14p.
_c21cm (pbk)
490 _aThe Adyar Library Pamphlet series; No.6
500 _aIncludes bibliographical references and notes
942 _2ddc
_cEN
_mTAR
_h181.42
999 _c20048
_d20048